| 000 | 00424nam a2200181Ia 4500 | ||
|---|---|---|---|
| 001 | 16999 | ||
| 005 | 20260306170352.0 | ||
| 008 | 260306t2000||||xx |||||||||||||| ||und|| | ||
| 041 | _aESP | ||
| 082 |
_a657.42 _bF25 |
||
| 100 |
_aFarfán Peña, Santos Alberto _eAUT |
||
| 245 | 0 | _aContabilidad de costos | |
| 260 | _c2000 | ||
| 300 |
_a514 páginas : _c |
||
| 650 | _aGEN | ||
| 654 | _aCCO | ||
| 942 |
_cLIB _dJUS _fJUS _2ddc _n |
||
| 999 |
_c16999 _d16999 |
||